| 000 | 00359pab a2200145 454500 | ||
|---|---|---|---|
| 008 | 180718b2017 xxu||||| |||| 00| 0 eng d | ||
| 100 | _aCowan, Dave et al | ||
| 245 | _aReconsidering mandatory reconsideration | ||
| 260 | _c2017 | ||
| 300 | _ap.215-234. | ||
| 362 | _aApr | ||
| 650 | _aAdministration of justice | ||
| 773 | _aPublic Law | ||
| 909 | _a114496 | ||
| 999 |
_c114490 _d114490 |
||